000 00787nam a2200229Ia 4500
003 OSt
005 20240830152739.0
008 220927b |||||||| |||| 00| 0 eng d
020 _c1450
_a9788189917654
037 _b86, 09/12/2009, Better Book Service
_cTextual
040 _aSDCL
_cSDCL
_beng
041 _2eng
_aeng
082 _aX:(B28):f.2'P P9
100 _aPoonia, Dr., Virender S.
_9429490
245 0 _aResearch methodology and statistical method
260 _aNew Delhi
_bVishvabharti Publications
_c2009
300 _av,447p
650 _aCommerce
_9353036
700 _a Poonia Meenakshi
_9429491
942 _hX:(B28):f.2'P P9
_cTEXL
_2CC
999 _c745995
_d745995